000 00507nam a2200193 a 4500
001 1770285653521
003 YourLibrary
005 20260205153745.0
008 260205s2010##################000#0#eng##
020 _a9780324787498
082 0 4 _a333.3JAC
100 1 _aJacobus, Charles J.,
_eauthor.
245 1 0 _aReal Estate Principles :
260 _bSouth-Western Pub,
_c2010.
300 _a545 pages
650 0 _aBusiness & Economics.
942 _cENGLISH
040 _aYourLibrary
_beng
_cYourLibrary
999 _c610534
_d610534